Orígenes : (Record no. 41053)
[ view plain ]
| 000 -LEADER | |
|---|---|
| fixed length control field | 00965nam a22002537a 4500 |
| 005 - DATE AND TIME OF LATEST TRANSACTION | |
| control field | 20150212093911.0 |
| 008 - FIXED-LENGTH DATA ELEMENTS--GENERAL INFORMATION | |
| fixed length control field | 130905t sp||||| |||| 00| 0 spa d |
| 020 ## - INTERNATIONAL STANDARD BOOK NUMBER | |
| International Standard Book Number | 9788474238747 |
| 050 04 - LIBRARY OF CONGRESS CALL NUMBER | |
| Classification number | CC74 |
| Item number | H43 2009 |
| 100 1# - MAIN ENTRY--PERSONAL NAME | |
| Personal name | Hedman, Matthew |
| 245 10 - TITLE STATEMENT | |
| Title | Orígenes : |
| Remainder of title | La datación científica del pasado / |
| Statement of responsibility, etc | Matthew Hedman; traductor, Javier García Sanz; director, José Manuel Sánches Ron |
| 250 ## - EDITION STATEMENT | |
| Edition statement | 1a ed. |
| 260 ## - PUBLICATION, DISTRIBUTION, ETC. (IMPRINT) | |
| Place of publication, distribution, etc | España : |
| Name of publisher, distributor, etc | Crítica , |
| Date of publication, distribution, etc | c2009 |
| 300 ## - PHYSICAL DESCRIPTION | |
| Extent | 324 p. : |
| Other physical details | il. ; |
| Dimensions | 24 cm. |
| 490 0# - SERIES STATEMENT | |
| Series statement | Drakontos |
| 500 ## - GENERAL NOTE | |
| General note | Traducción del título original : The Age of Everything : How Science Explores the Past |
| 504 ## - BIBLIOGRAPHY, ETC. NOTE | |
| Bibliography, etc | INcluye bibliografía e índice |
| 650 #7 - SUBJECT ADDED ENTRY--TOPICAL TERM | |
| Source of heading or term | LEMB |
| Topical term or geographic name as entry element | Arqueología-Cronológica |
| General subdivision | Arqueología |
| 650 #7 - SUBJECT ADDED ENTRY--TOPICAL TERM | |
| Source of heading or term | LEMB |
| Topical term or geographic name as entry element | Cronología |
| General subdivision | Tiempo |
| 650 #7 - SUBJECT ADDED ENTRY--TOPICAL TERM | |
| Source of heading or term | LEMB |
| Topical term or geographic name as entry element | Cronología-Arqueología |
| General subdivision | Arqueología-Metodología |
| 700 1# - ADDED ENTRY--PERSONAL NAME | |
| Personal name | Gracía Sanz, Javier ; tr. |
| 700 1# - ADDED ENTRY--PERSONAL NAME | |
| Personal name | Sánchez Ron, José Manuel ; dir. |
| 942 ## - ADDED ENTRY ELEMENTS (KOHA) | |
| Source of classification or shelving scheme | Clasificación Decimal Dewey |
| Koha item type | Libro |
| Estado de pérdida | Fuente de clasificación | Estado del daño | No para préstamo | Ubicación permanente | Ubicación actual | Apartado o colección | Fecha de adquisición | Enumeración de Serie / Cronológica | Área del conocimiento | Clasificación | Código de Barras | Date last seen | Número de copia | Tipo de recurso |
|---|---|---|---|---|---|---|---|---|---|---|---|---|---|---|
| Biblioteca del Cogreso de los Estados Unidos | Biblioteca de la Unidad de Ciencias Ingeniería y Humanidades | Biblioteca de la Unidad de Ciencias Ingeniería y Humanidades | General | 05/09/2013 | BCU000012638 | CC78 H43 2009 | BCU000012638 | 16/01/2015 | 1 | Libro |